|
|
|
|
| LEADER |
01426nam a2200385Ia 4500 |
| 001 |
EBC496003 |
| 003 |
MiAaPQ |
| 005 |
20200520144314.0 |
| 006 |
m o d | |
| 007 |
cr cn||||||||| |
| 008 |
081103s2009 njua sb 001 0 eng d |
| 010 |
|
|
|z 2008048208
|
| 020 |
|
|
|z 9780470449981 (cloth)
|
| 035 |
|
|
|a (MiAaPQ)EBC496003
|
| 035 |
|
|
|a (Au-PeEL)EBL496003
|
| 035 |
|
|
|a (CaPaEBR)ebr10371787
|
| 035 |
|
|
|a (CaONFJC)MIL249168
|
| 035 |
|
|
|a (OCoLC)469712282
|
| 040 |
|
|
|a MiAaPQ
|c MiAaPQ
|d MiAaPQ
|
| 050 |
|
4 |
|a HF5549.5.P35
|b C65 2009
|
| 082 |
0 |
4 |
|a 658.4/013
|2 22
|
| 100 |
1 |
|
|a Cokins, Gary.
|
| 245 |
1 |
0 |
|a Performance management
|h [electronic resource] :
|b integrating strategy execution, methodologies, risk, and analytics /
|c Gary Cokins.
|
| 260 |
|
|
|a Hoboken, N.J. :
|b Wiley,
|c c2009.
|
| 300 |
|
|
|a xxxi, 240 p. :
|b ill.
|
| 490 |
1 |
|
|a Wiley and SAS business series
|
| 504 |
|
|
|a Includes bibliographical references and index.
|
| 533 |
|
|
|a Electronic reproduction. Ann Arbor, MI : ProQuest, 2015. Available via World Wide Web. Access may be limited to ProQuest affiliated libraries.
|
| 650 |
|
0 |
|a Performance
|x Management.
|
| 650 |
|
0 |
|a Risk management.
|
| 650 |
|
0 |
|a Organizational effectiveness.
|
| 655 |
|
4 |
|a Electronic books.
|
| 710 |
2 |
|
|a ProQuest (Firm)
|
| 830 |
|
0 |
|a Wiley and SAS business series.
|
| 856 |
4 |
0 |
|u https://ebookcentral.proquest.com/lib/matrademy/detail.action?docID=496003
|z Click to View
|